[Event "Eliteserien 2017 - 18"]
[Site "Stavanger og Oslo"]
[Date "2017.11.03"]
[Round "7"]
[White "Predojevic, Borki"]
[Black "Urkedal, Frode Olav Olsen"]
[Result "1-0"]
[WhiteElo "2625"]
[BlackElo "2571"]
[PlyCount "109"]
[EventDate "2017.??.??"]

1. e4 e5 2. Nf3 Nc6 3. Bb5 a6 4. Ba4 Nf6 5. O-O Be7 6. d3 b5 7. Bb3 d6 8. a4 b4
9. a5 O-O 10. Nbd2 Rb8 11. Nc4 Bg4 12. Be3 Qc8 13. h3 Bh5 14. Re1 h6 15. Ncd2
Nh7 16. Kh2 Nd8 17. g4 Bg6 18. Rg1 Kh8 19. Qf1 Ne6 20. h4 h5 21. g5 Bd8 22. Qh3
c5 23. Bd5 Bc7 24. Nc4 Qe8 25. Rg2 Nd8 26. Nfd2 Nc6 27. f4 exf4 28. Bxf4 Ne5
29. Nxe5 dxe5 30. Be3 Qe7 31. Kh1 Rfd8 32. Bc4 Nf8 33. Rf2 Ne6 34. Bxe6 fxe6
35. b3 Rf8 36. Rxf8+ Rxf8 37. Rf1 Rb8 38. Nc4 Kh7 39. Qf3 Bd6 40. Kg2 Rc8 41.
Bc1 Rb8 42. Bb2 Qc7 43. Qg3 Rb5 44. Bxe5 Bxe5 45. Nxe5 Qd8 46. Qf4 Qe8 47. Qf8
Qxf8 48. Rxf8 Rxa5 49. Rc8 Ra2 50. Nd7 Rxc2+ 51. Kf3 Bf7 52. Nf8+ Kh8 53. Nxe6+
Bg8 54. g6 Rc3 55. Ng5 1-0

[Event "Eliteserien 2017 - 18"]
[Site "Stavanger og Oslo"]
[Date "2017.11.03"]
[Round "7"]
[White "Nilsen, Joachim B"]
[Black "Lie, Kjetil A"]
[Result "0-1"]
[WhiteElo "2416"]
[BlackElo "2538"]
[PlyCount "142"]
[EventDate "2017.??.??"]

1. e4 d6 2. d4 Nf6 3. Nc3 g6 4. f4 Bg7 5. Nf3 O-O 6. e5 dxe5 7. fxe5 Nd5 8. Bc4
Nxc3 9. bxc3 c5 10. O-O Bg4 11. Be3 Nc6 12. Qd2 Rc8 13. Ng5 e6 14. Bb5 Bf5 15.
h3 cxd4 16. cxd4 Qa5 17. Qxa5 Nxa5 18. Bd2 Bh6 19. h4 Nc4 20. Bc1 Bg7 21. c3 a6
22. Bxc4 Rxc4 23. Bb2 h5 24. Nf3 Bh6 25. Kf2 b5 26. Ke2 b4 27. Nd2 Rxc3 28.
Bxc3 bxc3 29. Nc4 Rb8 30. Rxf5 gxf5 31. Kd3 Kh7 32. Kxc3 Rg8 33. Nd6 Rg3+ 34.
Kc4 Kg6 35. Rb1 Rxg2 36. Rb7 Rg4 37. Nxf7 Bg7 38. Kd3 Rg3+ 39. Ke2 Rg4 40. Nd8
Rxh4 41. Nxe6 Bh6 42. Rb6 Rh2+ 43. Kf3 h4 44. Nf4+ Kh7 45. e6 Bg5 46. d5 Rxa2
47. d6 Ra3+ 48. Kf2 Ra2+ 49. Ke3 Ra4 50. Rb7+ Kh6 51. e7 Rxf4 52. Rb6 Re4+ 53.
Kf3 Kh5 54. Rxa6 Bxe7 55. dxe7 Rxe7 56. Kf4 h3 57. Ra8 Rh7 58. Kg3 Kg6 59. Ra6+
Kg5 60. Kh2 f4 61. Ra8 Kg4 62. Rg8+ Kf3 63. Ra8 Rd7 64. Rf8 Ke3 65. Kxh3 f3 66.
Kg3 Rg7+ 67. Kh3 f2 68. Re8+ Kd2 69. Rf8 Ke1 70. Re8+ Kf1 71. Kh2 Rh7+ 0-1

[Event "Eliteserien 2017 - 18"]
[Site "Stavanger og Oslo"]
[Date "2017.11.03"]
[Round "7"]
[White "Risting, Eivind Olav"]
[Black "Holm, Kristian Stuvik"]
[Result "1/2-1/2"]
[WhiteElo "2308"]
[BlackElo "2429"]
[PlyCount "59"]
[EventDate "2017.??.??"]

1. d4 Nf6 2. c4 e6 3. Nc3 Bb4 4. Qc2 O-O 5. Nf3 d5 6. cxd5 exd5 7. Bf4 Ne4 8.
e3 Bf5 9. Bd3 c5 10. dxc5 Nd7 11. c6 bxc6 12. O-O Bxc3 13. bxc3 Ndc5 14. Nd4
Bg6 15. Nxc6 Qf6 16. Ne5 Rac8 17. Nxg6 hxg6 18. Rac1 Nxd3 19. Qxd3 g5 20. Bg3
Nxc3 21. Rc2 Rc4 22. e4 Nxe4 23. Rxc4 Nxg3 24. hxg3 dxc4 25. Qxc4 Rd8 26. Qc5
a6 27. Qc2 Qd4 28. Re1 g6 29. Qc6 Rd6 30. Qe8+ 1/2-1/2

[Event "Eliteserien 2017 - 18"]
[Site "Stavanger og Oslo"]
[Date "2017.11.03"]
[Round "7"]
[White "Kaasen, Tor Fredrik"]
[Black "Ranaldi, Lucas"]
[Result "1/2-1/2"]
[WhiteElo "2342"]
[BlackElo "2277"]
[PlyCount "100"]
[EventDate "2017.??.??"]

1. d4 Nf6 2. c4 e6 3. g3 c5 4. d5 exd5 5. cxd5 d6 6. Bg2 g6 7. Nf3 Bg7 8. O-O
O-O 9. Nc3 Re8 10. Nd2 a6 11. a4 Nbd7 12. h3 Rb8 13. Nc4 Ne5 14. Na3 Nh5 15. e4
Bd7 16. a5 b5 17. axb6 Bb5 18. Naxb5 axb5 19. Nxb5 Qxb6 20. Na3 Qb3 21. Kh2
Qxd1 22. Rxd1 Rb3 23. g4 Nf6 24. Be3 Reb8 25. Bf4 Ne8 26. Bg3 g5 27. Kg1 Nd3
28. Nc4 Nxb2 29. Nxb2 Rxb2 30. Ra6 R2b6 31. Rxb6 Rxb6 32. f4 Bd4+ 33. Kh2 f6
34. h4 gxf4 35. Bxf4 Be5 36. Bxe5 fxe5 37. g5 h6 38. Kg3 hxg5 39. hxg5 Nc7 40.
Bh3 Rb3+ 41. Kh4 Rf3 42. Bf5 Rf4+ 43. Kh5 Kg7 44. Rb1 Nxd5 45. Rb7+ Kf8 46. Kg6
Nc3 47. Rb8+ Ke7 48. Rb7+ Kf8 49. Rb8+ Ke7 50. Rb7+ Kf8 1/2-1/2

[Event "Eliteserien 2017 - 18"]
[Site "Stavanger og Oslo"]
[Date "2017.11.03"]
[Round "7"]
[White "Fossan, Erik"]
[Black "Hammer, Jon Ludvig"]
[Result "0-1"]
[WhiteElo "2342"]
[BlackElo "2621"]
[PlyCount "96"]
[EventDate "2017.??.??"]

1. e4 e5 2. Nf3 Nc6 3. Bc4 Nf6 4. d3 h6 5. O-O d6 6. c3 g5 7. Be3 Bg7 8. Nbd2
O-O 9. d4 exd4 10. Nxd4 Ne5 11. Be2 Neg4 12. Bxg4 Bxg4 13. Qc2 Re8 14. c4 Bd7
15. f3 d5 16. cxd5 Nxd5 17. Bf2 Nb4 18. Qc4 c5 19. Qxc5 Nd3 20. Qd5 Nxf2 21.
Rxf2 Qb6 22. N4b3 Be6 23. Qd3 Red8 24. Qe2 a5 25. Kh1 a4 26. Nc1 a3 27. Nd3
Rxd3 28. Qxd3 Qxf2 29. Rf1 Qd4 30. Qxd4 Bxd4 31. b3 Rc8 32. Nb1 Bb2 33. Kg1
Bxb3 34. Nxa3 Bxa2 35. Nb5 Bc4 36. Rb1 Be5 37. g3 Bd3 38. Rb3 Bc4 39. Rb4 Rc5
40. Na3 Bd3 41. Kf2 Bc3 42. Rxb7 Bd4+ 43. Kg2 Rc1 44. h4 g4 45. Rb8+ Kg7 46.
Rd8 Rg1+ 47. Kh2 gxf3 48. Rxd4 f2 0-1

[Event "Eliteserien 2017 - 18"]
[Site "Stavanger og Oslo"]
[Date "2017.11.03"]
[Round "7"]
[White "Johannessen, Leif E"]
[Black "Fossan, Petter"]
[Result "1/2-1/2"]
[WhiteElo "2469"]
[BlackElo "2304"]
[PlyCount "61"]
[EventDate "2017.??.??"]

1. d4 Nf6 2. c4 c5 3. d5 b5 4. cxb5 a6 5. b6 Qxb6 6. Nc3 e6 7. e4 exd5 8. exd5
d6 9. Nf3 Be7 10. Nd2 O-O 11. a4 Nbd7 12. a5 Qc7 13. Nc4 Ne5 14. Nb6 Ra7 15. f4
Ng6 16. Be2 Nd7 17. Nc4 Bh4+ 18. g3 Bf6 19. Ne4 Be7 20. O-O Nf6 21. Nc3 Re8 22.
Bf3 Bf8 23. Re1 Rxe1+ 24. Qxe1 h5 25. Bd2 Bf5 26. Ne4 Bxe4 27. Bxe4 Ne7 28. Nb6
Nc8 29. Nc4 Ne7 30. Nb6 Nc8 31. Nc4 1/2-1/2

[Event "Eliteserien 2017 - 18"]
[Site "Stavanger og Oslo"]
[Date "2017.11.03"]
[Round "7"]
[White "Tallaksen, Levi AndrÃ©"]
[Black "Gausel, Einar J"]
[Result "1/2-1/2"]
[WhiteElo "2276"]
[BlackElo "2479"]
[PlyCount "88"]
[EventDate "2017.??.??"]

1. d4 Nf6 2. c4 c5 3. d5 e5 4. Nc3 d6 5. e4 Be7 6. Bd3 Nbd7 7. f4 exf4 8. Bxf4
O-O 9. Nf3 Ng4 10. Qd2 a6 11. O-O Qb6 12. h3 Nge5 13. Nxe5 Nxe5 14. Bxe5 dxe5
15. Rf3 Qg6 16. Qf2 Bd7 17. Nd1 Qh6 18. Ne3 Bg5 19. Nf5 Bxf5 20. exf5 e4 21.
Bxe4 Rfe8 22. Qc2 Qh4 23. Bd3 Re1+ 24. Rxe1 Qxe1+ 25. Bf1 Re8 26. d6 Qe5 27.
Qb3 Qxd6 28. Qxb7 Rb8 29. Qe4 Bf6 30. Rb3 Rxb3 31. axb3 g6 32. fxg6 hxg6 33.
Qd5 Qf4 34. Qf3 Bd4+ 35. Kh1 Qc1 36. g3 Qxb2 37. h4 Be5 38. h5 Kg7 39. hxg6
fxg6 40. Qe4 Qa1 41. Kg2 Qc3 42. Bd3 Qd2+ 43. Kh3 Qg5 44. Qh4 Qxh4+ 1/2-1/2

[Event "Eliteserien 2017 - 18"]
[Site "Stavanger og Oslo"]
[Date "2017.11.03"]
[Round "7"]
[White "Moen, Ole Christian"]
[Black "Kizatbay, Abyl"]
[Result "1-0"]
[WhiteElo "2178"]
[BlackElo "2145"]
[PlyCount "97"]
[EventDate "2017.??.??"]

1. e4 c5 2. Nf3 d6 3. Bb5+ Bd7 4. a4 Nf6 5. Nc3 g6 6. O-O Bg7 7. e5 dxe5 8.
Nxe5 O-O 9. Re1 a6 10. Nxd7 Nfxd7 11. Bf1 Nc6 12. Ne4 Qb6 13. Ra3 Nf6 14. Rb3
Qc7 15. Nxc5 Na5 16. Rc3 Ng4 17. Qxg4 Bxc3 18. Ne6 fxe6 19. Qxe6+ Rf7 20. dxc3
Qc5 21. Be3 Qf5 22. Bb6 Qxe6 23. Rxe6 Nc6 24. Bc4 Kf8 25. Re4 Rf5 26. f4 e5 27.
Be3 exf4 28. Bxf4 g5 29. Bd6+ Kg7 30. Bd3 Rf7 31. b4 Rd8 32. Bc5 Rf4 33. Re3
Rd5 34. g3 Rf7 35. Kg2 h6 36. Re4 Rfd7 37. Re6 Re5 38. Bd4 Rxd4 39. Rg6+ Kf7
40. cxd4 Nxd4 41. Rxh6 Nxc2 42. Rh7+ Kf6 43. Bxc2 Re2+ 44. Kf3 Rxc2 45. Rxb7
Rxh2 46. Rb6+ Kf5 47. Rxa6 Rb2 48. Ra5+ Kf6 49. Rb5 1-0

[Event "Eliteserien 2017 - 18"]
[Site "Stavanger og Oslo"]
[Date "2017.11.03"]
[Round "7"]
[White "Kakushadze, Ilia"]
[Black "Hauge, Lars Oskar"]
[Result "1/2-1/2"]
[WhiteElo "2133"]
[BlackElo "2439"]
[PlyCount "103"]
[EventDate "2017.??.??"]

1. e4 c5 2. Nf3 d6 3. d4 cxd4 4. Nxd4 Nf6 5. Nc3 a6 6. h3 e6 7. g4 d5 8. exd5
Nxd5 9. Nde2 h5 10. Nxd5 exd5 11. g5 Bf5 12. Bg2 Nc6 13. O-O Be7 14. Ng3 Bg6
15. f4 h4 16. f5 hxg3 17. fxg6 fxg6 18. Bxd5 Qb6+ 19. Kg2 O-O-O 20. Bf4 Nd4 21.
Qg4+ Nf5 22. Be4 Bd6 23. Bxf5+ gxf5 24. Qxf5+ Kb8 25. Rad1 Ka8 26. Rxd6 Rxd6
27. Bxd6 Qxd6 28. Qd3 Qe5 29. b3 Rc8 30. Rf5 Qb2 31. Qxg3 Rxc2+ 32. Rf2 Qxa2
33. Rxc2 Qxc2+ 34. Qf2 Qe4+ 35. Qf3 Qe5 36. Qf8+ Ka7 37. Qf2+ b6 38. Qf7+ Kb8
39. h4 a5 40. Kf3 b5 41. Qf4 Qxf4+ 42. Kxf4 a4 43. bxa4 bxa4 44. h5 a3 45. h6
gxh6 46. g6 a2 47. g7 a1=Q 48. g8=Q+ Kc7 49. Qh7+ Kd8 50. Qg8+ Ke7 51. Qh7+ Kd8
52. Qg8+ 1/2-1/2

[Event "Eliteserien 2017 - 18"]
[Site "Stavanger og Oslo"]
[Date "2017.11.03"]
[Round "7"]
[White "Houska, Jovanka"]
[Black "Notkevich, Benjamin Arvola"]
[Result "1/2-1/2"]
[WhiteElo "2400"]
[BlackElo "2455"]
[PlyCount "102"]
[EventDate "2017.??.??"]

1. d4 Nf6 2. Nf3 g6 3. g3 d5 4. Bg2 Bg7 5. O-O c6 6. b3 O-O 7. c4 Bf5 8. Bb2 a5
9. Nc3 Ne4 10. Ne5 Nxc3 11. Bxc3 Na6 12. cxd5 cxd5 13. Qd2 b6 14. Rac1 Qd6 15.
Bb2 Rfc8 16. a3 f6 17. Nd3 Nc7 18. e3 Nb5 19. Nf4 e6 20. a4 Na7 21. f3 g5 22.
Nh5 Bh8 23. e4 Bg6 24. g4 Rxc1 25. Rxc1 Rc8 26. Rxc8+ Nxc8 27. Nxf6+ Bxf6 28.
e5 Qd8 29. exf6 Qxf6 30. Ba3 Na7 31. b4 Nc6 32. bxa5 Nxa5 33. Bc1 Nc6 34. Bb2
Be8 35. Qc3 Ne7 36. Qb4 Ng6 37. Qxb6 Bxa4 38. Ba3 Be8 39. Bd6 Bf7 40. Kf2 Kg7
41. Bf1 Be8 42. Bd3 Kg8 43. Bxg6 Qxg6 44. Qd8 h5 45. gxh5 Qxh5 46. Qf6 Qg6 47.
Qf8+ Kh7 48. Be5 Qg8 49. Qe7+ Bf7 50. Qf6 Bh5 51. h3 Qf7 1/2-1/2

[Event "Eliteserien 2017 - 18"]
[Site "Stavanger og Oslo"]
[Date "2017.11.03"]
[Round "7"]
[White "Flermoen, Peter"]
[Black "Gabrielsen, Stig"]
[Result "1-0"]
[WhiteElo "2252"]
[BlackElo "2307"]
[PlyCount "75"]
[EventDate "2017.??.??"]

1. e4 c5 2. Nf3 e6 3. Nc3 a6 4. d4 cxd4 5. Nxd4 b5 6. Bd3 Qb6 7. Nb3 Qc7 8. O-O
Bb7 9. Be3 Nf6 10. a3 d6 11. f4 Nbd7 12. Qe2 Be7 13. Rad1 g6 14. Bf2 O-O 15.
Bh4 Bd8 16. Bg5 Nc5 17. Kh1 Nfd7 18. Bh6 Re8 19. Rf3 Bf6 20. Rh3 Na4 21. Nxa4
bxa4 22. Nd2 Bxb2 23. Nf3 Bg7 24. Ng5 Nf8 25. Bxg7 Kxg7 26. e5 Red8 27. Qf2 Qe7
28. Qh4 h5 29. Qg3 Rac8 30. Rxh5 dxe5 31. fxe5 Rxd3 32. cxd3 Rc2 33. Ne4 Ra2
34. Rh3 Rxa3 35. Qf4 g5 36. Nxg5 Ra2 37. Ne4 Ng6 38. Qh6+ 1-0

[Event "Eliteserien 2017 - 18"]
[Site "Stavanger og Oslo"]
[Date "2017.11.03"]
[Round "7"]
[White "Gabrielsen, Trond"]
[Black "Nielsen, Andre"]
[Result "1-0"]
[WhiteElo "2280"]
[BlackElo "2108"]
[PlyCount "113"]
[EventDate "2017.??.??"]

1. Nf3 d5 2. d4 Nf6 3. Bg5 e6 4. e3 Be7 5. Nbd2 O-O 6. Bd3 c5 7. c3 Nc6 8. O-O
c4 9. Bc2 b5 10. Qe2 Bb7 11. e4 dxe4 12. Nxe4 Nxe4 13. Qxe4 g6 14. Qh4 f6 15.
Bh6 Re8 16. Rfe1 Qd7 17. Qg4 Bf8 18. Bxf8 Kxf8 19. Rad1 Nd8 20. d5 Bxd5 21.
Rxd5 Qxd5 22. Be4 f5 23. Qf4 Qd7 24. Bxa8 Nf7 25. Ne5 Qd6 26. Bf3 Rd8 27. h4
Qd2 28. Qxd2 Rxd2 29. Nxf7 Kxf7 30. Re2 Rd1+ 31. Kh2 Rd3 32. Bb7 Kf6 33. f4 Rd6
34. Kg3 a5 35. a3 Rb6 36. Bf3 h6 37. Kf2 g5 38. hxg5+ hxg5 39. g3 g4 40. Bg2 b4
41. axb4 axb4 42. Ke3 bxc3 43. bxc3 e5 44. Bd5 Rb3 45. Rc2 Rb1 46. Bxc4 exf4+
47. gxf4 Rh1 48. Bd5 Rd1 49. c4 Ke7 50. Rd2 Rc1 51. Kd4 Kd6 52. Rh2 Rd1+ 53.
Ke3 Re1+ 54. Kf2 Rb1 55. Rh5 Rb2+ 56. Ke3 g3 57. Rg5 1-0

[Event "Eliteserien 2017 - 18"]
[Site "Stavanger og Oslo"]
[Date "2017.11.03"]
[Round "7"]
[White "Devereaux, Maxim L"]
[Black "Lie, Espen"]
[Result "0-1"]
[WhiteElo "2374"]
[BlackElo "2459"]
[PlyCount "70"]
[EventDate "2017.??.??"]

1. e4 Nf6 2. e5 Nd5 3. d4 d6 4. c4 Nb6 5. f4 g6 6. Nc3 Bg7 7. Be3 Be6 8. d5 Bc8
9. c5 N6d7 10. c6 Nb6 11. cxb7 Bxb7 12. Bxb6 axb6 13. Bb5+ c6 14. dxc6 Bxc6 15.
Qd5 Qd7 16. Nf3 dxe5 17. Qxd7+ Bxd7 18. fxe5 O-O 19. O-O Bxb5 20. Nxb5 Nc6 21.
Rfe1 Ra4 22. b3 Rb4 23. Nc3 e6 24. Rad1 Rc8 25. Rd3 g5 26. h3 h5 27. Na4 g4 28.
hxg4 hxg4 29. Ng5 Nxe5 30. Rd6 Ng6 31. Red1 Bf6 32. Nxe6 fxe6 33. Rxe6 Kf7 34.
Red6 g3 35. Rf1 Nf4 0-1

[Event "Eliteserien 2017 - 18"]
[Site "Stavanger og Oslo"]
[Date "2017.11.03"]
[Round "7"]
[White "Hole, Ã~ystein"]
[Black "Andersen, Lars Even"]
[Result "1/2-1/2"]
[WhiteElo "2333"]
[BlackElo "2302"]
[PlyCount "41"]
[EventDate "2017.??.??"]

1. Nf3 c5 2. c4 Nc6 3. Nc3 g6 4. g3 Nf6 5. Bg2 d5 6. cxd5 Nxd5 7. O-O Bg7 8.
Qb3 Nc7 9. d3 O-O 10. Bd2 b6 11. a4 Bg4 12. Qd1 Qd7 13. Rc1 Rac8 14. Ne1 Nd4
15. b3 Rfd8 16. f3 Be6 17. Rb1 Nd5 18. Ne4 h6 19. Nc2 Kh7 20. Re1 Nf6 21. Ne3
1/2-1/2

[Event "Eliteserien 2017 - 18"]
[Site "Stavanger og Oslo"]
[Date "2017.11.03"]
[Round "7"]
[White "BÃ¸rresen, Georg S"]
[Black "Hobber, Anders"]
[Result "1/2-1/2"]
[WhiteElo "2253"]
[BlackElo "2290"]
[PlyCount "47"]
[EventDate "2017.??.??"]

1. c4 c6 2. Nf3 d5 3. b3 Bg4 4. e3 e6 5. Bb2 Nd7 6. Be2 Ngf6 7. O-O Bd6 8. d4
O-O 9. Nbd2 Qb8 10. h3 Bh5 11. g4 Bg6 12. Nh4 Ne4 13. Nxg6 hxg6 14. Nxe4 dxe4
15. f4 exf3 16. Bxf3 Qd8 17. Qc2 Qe7 18. Qg2 e5 19. c5 Bc7 20. b4 e4 21. Bxe4
Nf6 22. Bf3 Qxe3+ 23. Qf2 Qxf2+ 24. Kxf2 1/2-1/2

[Event "Eliteserien 2017 - 18"]
[Site "Stavanger og Oslo"]
[Date "2017.11.03"]
[Round "7"]
[White "Flaata, Alexander R"]
[Black "Andersen, Alf Roger"]
[Result "1-0"]
[WhiteElo "2103"]
[BlackElo "2161"]
[PlyCount "145"]
[EventDate "2017.??.??"]

1. e4 e6 2. d4 d5 3. Nc3 Nf6 4. Bg5 Bb4 5. e5 h6 6. Bd2 Bxc3 7. bxc3 Ne4 8. Qg4
g6 9. Bc1 c5 10. Bd3 h5 11. Qf3 Qa5 12. Ne2 Bd7 13. O-O Nc6 14. Bxe4 dxe4 15.
Qf6 Rh7 16. Bg5 Qd8 17. Qf4 Ne7 18. h4 Bc6 19. dxc5 Qc7 20. c4 O-O-O 21. Rad1
Re8 22. Nc3 Nf5 23. Nxe4 Bxe4 24. Qxe4 Rhh8 25. Bf6 Rhg8 26. Rd3 Ne7 27. Rfd1
Nc6 28. Rd7 Qxd7 29. Rxd7 Kxd7 30. Bg5 Kc8 31. f3 Rd8 32. Bxd8 Rxd8 33. Qf4 Rd7
34. g4 Kd8 35. gxh5 gxh5 36. Qg5+ Ke8 37. Qxh5 Nd4 38. Qh8+ Ke7 39. Qf6+ Kf8
40. h5 Nf5 41. h6 Kg8 42. Kf2 Kh7 43. Ke1 Nxh6 44. Qh4 Kg7 45. c6 bxc6 46. Qe4
Rc7 47. Qd3 Nf5 48. Qd8 Rb7 49. Kd2 Rb6 50. Qg5+ Kh7 51. Qh5+ Kg7 52. c5 Rb4
53. Qg5+ Kh7 54. Kc3 Ra4 55. Qf6 Kg8 56. Qd8+ Kg7 57. Kb3 Rd4 58. Qc7 Rf4 59.
Qxa7 Nd4+ 60. Kb2 Nxf3 61. Qa3 Rf5 62. Qc3 Nxe5 63. a4 f6 64. a5 Nd7 65. Qg3+
Kh6 66. a6 Rxc5 67. Qe3+ Kg7 68. Qxe6 Rb5+ 69. Kc1 Ne5 70. Qe7+ Kg6 71. a7 Ra5
72. Qe8+ Kh7 73. a8=Q 1-0

[Event "Eliteserien 2017 - 18"]
[Site "Stavanger og Oslo"]
[Date "2017.11.03"]
[Round "7"]
[White "Skrondal, Inge Sandstad"]
[Black "Sahl, Sheila Barth"]
[Result "1-0"]
[WhiteElo "2246"]
[BlackElo "2180"]
[PlyCount "77"]
[EventDate "2017.??.??"]

1. d4 d5 2. Nf3 Nf6 3. c4 c6 4. Nc3 dxc4 5. a4 Bf5 6. Ne5 Nbd7 7. Nxc4 Qc7 8.
g3 e5 9. dxe5 Nxe5 10. Bf4 Nfd7 11. Bg2 f6 12. O-O g5 13. Nxe5 gxf4 14. Nxd7
Qxd7 15. a5 fxg3 16. hxg3 a6 17. Qa4 Bd6 18. Ne4 Bxe4 19. Bxe4 O-O 20. Rad1 Qe7
21. Qb3+ Kh8 22. Rxd6 Qxd6 23. Qxb7 f5 24. Bxf5 Qh6 25. e4 Rab8 26. Qxa6 Rxb2
27. Qc4 Rg8 28. Qc3+ Qg7 29. Qxc6 Qe5 30. g4 Ra2 31. Rd1 Rxa5 32. Rd7 Qa1+ 33.
Kh2 Rxf5 34. exf5 Qe5+ 35. Kh3 Qa1 36. Kh4 Qb2 37. Kh5 Qe5 38. Rxh7+ Kxh7 39.
Qh6# 1-0

[Event "Eliteserien 2017 - 18"]
[Site "Stavanger og Oslo"]
[Date "2017.11.03"]
[Round "7"]
[White "HagesÃ¦ther, Ellen"]
[Black "Andersen, Ã~ystein R"]
[Result "1-0"]
[WhiteElo "2126"]
[BlackElo "2067"]
[PlyCount "109"]
[EventDate "2017.??.??"]

1. c4 Nf6 2. g3 g6 3. Bg2 c5 4. Nc3 Bg7 5. e4 Nc6 6. Nge2 d6 7. d3 O-O 8. O-O
Rb8 9. h3 a6 10. f4 Nd4 11. Nxd4 cxd4 12. Ne2 Nd7 13. b4 b5 14. cxb5 Rxb5 15.
Bd2 Bb7 16. a4 Rb6 17. b5 axb5 18. Ba5 f5 19. Rb1 Qa8 20. Bxb6 Nxb6 21. Rxb5
Nxa4 22. Rxb7 Qxb7 23. Qxa4 Qb2 24. Nc1 Rc8 25. Qa2+ Qxa2 26. Nxa2 Rc2 27. Rf2
Rxf2 28. Kxf2 Kf7 29. exf5 gxf5 30. Bd5+ Kf6 31. Nb4 e6 32. Bb7 e5 33. Bc8 Bf8
34. Nd5+ Kg6 35. Kf3 h6 36. Bd7 e4+ 37. dxe4 fxe4+ 38. Kxe4 Bg7 39. Be8+ Kh7
40. Ne7 Bf6 41. Nf5 d5+ 42. Kd3 Bd8 43. Kxd4 Bb6+ 44. Kxd5 Bf2 45. g4 Be1 46.
Bf7 Bc3 47. h4 Ba1 48. g5 hxg5 49. hxg5 Bb2 50. g6+ Kh8 51. g7+ Bxg7 52. Nxg7
Kxg7 53. Ke6 Kf8 54. f5 Kg7 55. Ke7 1-0

[Event "Eliteserien 2017 - 18"]
[Site "Stavanger og Oslo"]
[Date "2017.11.03"]
[Round "7"]
[White "Christiansen, Johan-Sebastian"]
[Black "Hansen, TorbjÃ¸rn R"]
[Result "1/2-1/2"]
[WhiteElo "2468"]
[BlackElo "2408"]
[PlyCount "60"]
[EventDate "2017.??.??"]

1. e4 c6 2. d4 d5 3. Nc3 dxe4 4. Nxe4 Nf6 5. Nxf6+ exf6 6. c3 Bf5 7. Bc4 Bd6 8.
Ne2 O-O 9. O-O Re8 10. Ng3 Be6 11. Bxe6 Rxe6 12. a4 Bxg3 13. hxg3 Qd5 14. a5
Na6 15. Be3 Rae8 16. Qa4 h5 17. Rad1 h4 18. gxh4 Re4 19. c4 Qh5 20. g3 Qf3 21.
Bf4 Rxf4 22. gxf4 Qg4+ 23. Kh1 Qxh4+ 24. Kg2 Qg4+ 25. Kh1 Qh5+ 26. Kg2 Qg6+ 27.
Kh2 Qh5+ 28. Kg2 Qg4+ 29. Kh1 Qf3+ 30. Kg1 Qg4+ 1/2-1/2

[Event "Eliteserien 2017 - 18"]
[Site "Stavanger og Oslo"]
[Date "2017.11.03"]
[Round "7"]
[White "Getz, Nicolai"]
[Black "KyrkjebÃ¸, Erlend"]
[Result "1-0"]
[WhiteElo "2423"]
[BlackElo "2145"]
[PlyCount "63"]
[EventDate "2017.??.??"]

1. e4 c5 2. Nf3 d6 3. d4 cxd4 4. Nxd4 Nf6 5. Nc3 g6 6. Be3 Bg7 7. f3 O-O 8. Qd2
Nc6 9. O-O-O d5 10. exd5 Nxd5 11. Nxc6 bxc6 12. Bd4 e5 13. Bc5 Re8 14. Ne4 Be6
15. c4 Nb6 16. Qc3 Qc7 17. Bd6 Qb7 18. Nc5 Bh6+ 19. Kc2 Qc8 20. Ne4 Bf5 21. Bd3
Bxe4 22. fxe4 c5 23. b3 f6 24. Qa5 Be3 25. b4 cxb4 26. c5 Kg7 27. Kb1 Nd7 28.
Ba6 Qc6 29. Rd5 Rab8 30. Re1 Bd4 31. Bxb8 Rxb8 32. Rd6 1-0

[Event "Eliteserien 2017 - 18"]
[Site "Stavanger og Oslo"]
[Date "2017.11.03"]
[Round "8"]
[White "Blomqvist, Erik"]
[Black "Houska, Jovanka"]
[Result "1/2-1/2"]
[WhiteElo "2503"]
[BlackElo "2400"]
[PlyCount "51"]
[EventDate "2017.??.??"]

1. e4 c6 2. d4 d5 3. exd5 cxd5 4. Nf3 Nc6 5. Bb5 Bg4 6. h3 Bxf3 7. Qxf3 Qa5+ 8.
Nc3 e6 9. O-O Nf6 10. Qg3 a6 11. Bxc6+ bxc6 12. Rd1 Qd8 13. b3 Nh5 14. Qf3 Nf6
15. Na4 Bd6 16. c4 Nd7 17. Bf4 Bxf4 18. Qxf4 dxc4 19. bxc4 Qa5 20. Nb2 O-O 21.
Nd3 Rac8 22. Rab1 c5 23. Rb7 cxd4 24. Qxd4 Nc5 25. Nxc5 Qxc5 26. Ra7 1/2-1/2

[Event "Eliteserien 2017 - 18"]
[Site "Stavanger og Oslo"]
[Date "2017.11.03"]
[Round "8"]
[White "Andersen, Alf Roger"]
[Black "Hansen, TorbjÃ¸rn R"]
[Result "1/2-1/2"]
[WhiteElo "2161"]
[BlackElo "2408"]
[PlyCount "77"]
[EventDate "2017.??.??"]

1. e4 c6 2. d4 d5 3. Nc3 dxe4 4. Nxe4 Nf6 5. Nxf6+ exf6 6. c3 Bf5 7. Bd3 Bxd3
8. Qxd3 Na6 9. Ne2 Bd6 10. Bf4 O-O 11. O-O-O Nc7 12. Qg3 Nb5 13. c4 Bxf4+ 14.
Qxf4 Re8 15. Ng3 Nd6 16. d5 c5 17. Nf5 Re5 18. Nxd6 Qxd6 19. Rhe1 Rae8 20. Rxe5
Rxe5 21. Kb1 g6 22. g3 Kg7 23. a3 a6 24. Ka2 b5 25. Re1 h5 26. h4 Qb8 27. Rxe5
fxe5 28. Qd2 bxc4 29. d6 Qb3+ 30. Ka1 c3 31. bxc3 Qxa3+ 32. Kb1 Qb3+ 33. Kc1
Qa3+ 34. Kd1 Qa4+ 35. Ke1 Qe4+ 36. Kf1 Qh1+ 37. Ke2 Qe4+ 38. Kf1 Qh1+ 39. Ke2
1/2-1/2

[Event "Eliteserien 2017 - 18"]
[Site "Stavanger og Oslo"]
[Date "2017.11.03"]
[Round "8"]
[White "Ragger, Markus"]
[Black "Hammer, Jon Ludvig"]
[Result "1/2-1/2"]
[WhiteElo "2659"]
[BlackElo "2621"]
[PlyCount "29"]
[EventDate "2017.??.??"]

1. e4 e5 2. Nf3 Nc6 3. Bc4 Nf6 4. d3 h6 5. O-O d6 6. c3 g5 7. Nbd2 Bg7 8. Bb3
O-O 9. Nc4 Be6 10. h4 g4 11. Nh2 d5 12. exd5 Nxd5 13. Nxg4 Qxh4 14. Nce3 Nce7
15. Nxd5 1/2-1/2